Sports Quiz

Random Sports or NFL Quiz

Big 4 Sport Positions Blitz Quiz Stats

 Plays Quiz Updated Mar 5, 2015

Challenge
Share
Tweet
Embed
Score 0/39 Timer 03:00
4 Plays Today
Sport Position % Correct
NFL (Offense)Center
94.6%
NHLCenter
94.6%
NBACenter
94.6%
NFL (Offense)Quarterback
91.8%
NFL (Offense)Halfback
89%
MLBPitcher
87%
MLBFirst Baseman
85.3%
NFL (Special Teams)Kicker
85.3%
MLBSecond Baseman
85%
MLBCatcher
84.7%
MLBThird Baseman
84%
NFL (Offense)Wide Receiver
83.6%
MLBShortstop
82.2%
NFL (Special Teams)Punter
81.6%
NBAPoint Guard
80.9%
MLBLeft Fielder
80.7%
NFL (Offense)Tight End
80.7%
MLBRight Fielder
80.4%
NFL (Offense)Offensive Guard
79.8%
NFL (Defense)Linebacker
79.6%
Sport Position % Correct
MLBCenter Fielder
79.2%
NFL (Defense)Safety
78.5%
NFL (Defense)Cornerback
76.7%
NFL (Offense)Fullback
76.1%
NHLGoaltender
75.6%
NFL (Defense)Defensive Tackle
73.9%
NBAShooting Guard
72.5%
NHLRight Winger
71.4%
NBAPower Forward
71.2%
NHLLeft Winger
70.8%
NFL (Offense)Offensive Tackle
69.1%
NFL (Defense)Defensive End
67.5%
NBASmall Forward
65.9%
NFL (Special Teams)Long snapper
60.5%
NFL (Special Teams)Punt returner
58.7%
NFL (Special Teams)Kick returner
57.8%
NHLLeft Defenseman
56.4%
NHLRight Defenseman
56.3%
NFL (Special Teams)Holder
56%

You're not logged in!

Compare scores with friends on all Sporcle quizzes.
Join for Free
OR
Log In

You Might Also Like...

Show Comments

Extras

Top Quizzes Today


Score Distribution

Your Account Isn't Verified!

In order to create a playlist on Sporcle, you need to verify the email address you used during registration. Go to your Sporcle Settings to finish the process.

Report this User

Report this user for behavior that violates our Community Guidelines.

Details: